00452nam a2200181Ia 4500003000400000005001700004008004100021020002200062040000700084041000800091082001900099100002200118245003600140260004700176300001400223365001700237650001600254OSt20230324133705.0210423s2007 xx 000 0 und d a978-0-521-84879-4 cAL aeng a414 223bLACC aLACY (Paul de) Ed aCambridge handbook of phonology aNew YorkbCambridge University Pressc2007 ax,697bHB b10171.6cGBP aLinguistics